000 00881nam a22002417a 4500
001 82776
003 BD-RjUL
005 20240124172937.0
008 240124s2004 bg a|||| m||| 00| 0 eng d
035 _a(BD-RjUL)82776
040 _aBD-RjUL
_beng
_cBD-RjUL
_dBD-RjUL
041 _aeng
082 _223
_a339.5095492
_bKHP 2004
100 _aKhan, Md. Azam
_911127
245 1 0 _aPrivatization in Bangladesh :
_bPolicies and practices /
_cResearcher Md. Azam Khan ;
_6Supervisor : M. Mohsin Ali
260 _aRajshahi :
_bInstitute of Bangladesh Studies, University of Rajshahi,
_c2004
300 _axviii, 213 leaves :
_bill, ;
_c29.cm.
502 _aThesis (Ph. D.) -- Institute of Bangladesh Studies, University of Rajshahi, 2004
504 _aBibliography : Leaves 194 - 205
650 _aPolicy
_zBangladesh
700 _aAli, M. Mohsin, Supervisor
_91843
942 _2ddc
_cTHE
999 _c82776
_d82776